| 000 | 01651nam a2200313Ia 4500 | ||
|---|---|---|---|
| 999 |
_c54870 _d54870 |
||
| 001 | 21939 | ||
| 003 | GE_BSU | ||
| 005 | 20220830150113.0 | ||
| 008 | 181216s ||||ge |||||||||||||| || || | ||
| 020 | _a9789941222399 | ||
| 040 | _cGE_BSU | ||
| 041 | _ageo | ||
| 080 | _a330.101.541 : 338.22:339.924 ა-19 | ||
| 100 |
_aაბრალავა, ანზორ _95290 |
||
| 245 |
_aეკონომიკისა და ბიზნესის გლობალურ - ინოვაციური პრობლემები : _bმონოგრაფია / _cანზორ აბრალავა ; რედ. ელგუჯა მექვაბიშვილი. |
||
| 264 |
_aთბილისი : _bუნივერსალი, _c2014. |
||
| 300 |
_a312 გვ. ; _c20 სმ. |
||
| 504 | _aბიბლიოგრაფია გვ. : 307-311 | ||
| 520 | _aრეზიუმე ინგლისურ და რუსულ ენებზე | ||
| 541 | _h15ლ. | ||
| 546 | _aთავფურცელი მე-2 გვ. ინგლისურ ენაზე | ||
| 546 | _aთავფურცელი მე-3 გვ. რუსულ ენაზე | ||
| 653 | _aეკონომიკა | ||
| 653 | _aეკონომიკისა და ბიზნესის გლობალურ-ინოვაციური პრობლემები | ||
| 653 | _aმაკროეკონომიკა | ||
| 653 | _aბიზნესი | ||
| 700 |
_aმექვაბიშვილი, ელგუჯა _eრედაქტორი _914565 |
||
| 942 |
_cBK _2udc |
||